Cooper and Gunn's Tutorial pharmacy / (Record no. 34743)

MARC details
000 -LEADER
fixed length control field 00455nam a22001697a 4500
005 - DATE AND TIME OF LATEST TRANSACTION
control field 20240809083951.0
008 - FIXED-LENGTH DATA ELEMENTS--GENERAL INFORMATION
fixed length control field 231128b |||||||| |||| 00| 0 eng d
020 ## - INTERNATIONAL STANDARD BOOK NUMBER
ISBN 8123909047
082 ## - DEWEY DECIMAL CLASSIFICATION NUMBER
Classification number 615.19
Item number COO-T
245 ## - TITLE STATEMENT
Title Cooper and Gunn's Tutorial pharmacy /
260 ## - PUBLICATION, DISTRIBUTION, ETC.
Place of Publication India:
Name of publisher, distributor, etc. CBS Publisher;
Date of publication, distribution, etc. 2004
300 ## - PHYSICAL DESCRIPTION
Pages 468p.
500 ## - GENERAL NOTE
General note Include Index .
650 ## - SUBJECT ADDED ENTRY--TOPICAL TERM
Subject / Department Pharmacy / Tutorial Pharmacy
700 ## - ADDED ENTRY--PERSONAL NAME
Personal name S.J.Carter
300 ## - PHYSICAL DESCRIPTION
-- ill;
-- 24 cm.
952 ## - LOCATION AND ITEM INFORMATION (KOHA)
-- 0
-- 0
952 ## - LOCATION AND ITEM INFORMATION (KOHA)
-- 0
-- 0
952 ## - LOCATION AND ITEM INFORMATION (KOHA)
-- 0
-- 0
952 ## - LOCATION AND ITEM INFORMATION (KOHA)
-- 0
-- 0
952 ## - LOCATION AND ITEM INFORMATION (KOHA)
-- 0
-- 0
952 ## - LOCATION AND ITEM INFORMATION (KOHA)
-- 0
-- 0
952 ## - LOCATION AND ITEM INFORMATION (KOHA)
-- 0
-- 0
952 ## - LOCATION AND ITEM INFORMATION (KOHA)
-- 0
-- 0
952 ## - LOCATION AND ITEM INFORMATION (KOHA)
-- 0
-- 0
952 ## - LOCATION AND ITEM INFORMATION (KOHA)
-- 0
-- 0
952 ## - LOCATION AND ITEM INFORMATION (KOHA)
-- 0
-- 0
952 ## - LOCATION AND ITEM INFORMATION (KOHA)
-- 0
-- 0
952 ## - LOCATION AND ITEM INFORMATION (KOHA)
-- 0
-- 0
952 ## - LOCATION AND ITEM INFORMATION (KOHA)
-- 0
-- 0
952 ## - LOCATION AND ITEM INFORMATION (KOHA)
-- 0
-- 0
952 ## - LOCATION AND ITEM INFORMATION (KOHA)
-- 0
-- 0
952 ## - LOCATION AND ITEM INFORMATION (KOHA)
-- 0
-- 0
952 ## - LOCATION AND ITEM INFORMATION (KOHA)
-- 0
-- 0
952 ## - LOCATION AND ITEM INFORMATION (KOHA)
-- 0
-- 0
952 ## - LOCATION AND ITEM INFORMATION (KOHA)
-- 0
-- 0
952 ## - LOCATION AND ITEM INFORMATION (KOHA)
-- 0
-- 0
952 ## - LOCATION AND ITEM INFORMATION (KOHA)
-- 0
-- 0
952 ## - LOCATION AND ITEM INFORMATION (KOHA)
-- 0
-- 0
Holdings
Lost status Damaged status Collection code Permanent Location Current Location Shelving Location Date acquired Full Call Number Accession No./Barcode Date last seen Copy number item type Koha item type
    Pharmacy Superior Information Resource Center (SIRC) Superior University- Central Library Superior Information Resource Center (SIRC) Superior University- Central Library Tutorial Pharmacy 11/28/2023 615.19 COO-T 2004 29047 11/28/2023 1 BOOK BOOK
    Pharmacy Superior Information Resource Center (SIRC) Superior University- Central Library Superior Information Resource Center (SIRC) Superior University- Central Library Tutorial Pharmacy 08/09/2024 612 COO-T 2004 3641 08/09/2024 2 BOOK BOOK
    Pharmacy Superior Information Resource Center (SIRC) Superior University- Central Library Superior Information Resource Center (SIRC) Superior University- Central Library Tutorial Pharmacy 08/09/2024 612 COO-T 2004 3643 08/09/2024 3 BOOK BOOK
    Pharmacy Superior Information Resource Center (SIRC) Superior University- Central Library Superior Information Resource Center (SIRC) Superior University- Central Library Tutorial Pharmacy 08/09/2024 612 COO-T 2004 3644 08/09/2024 4 BOOK BOOK
    Pharmacy Superior Information Resource Center (SIRC) Superior University- Central Library Superior Information Resource Center (SIRC) Superior University- Central Library Tutorial Pharmacy 08/09/2024 612 COO-T 2004 3645 08/09/2024 5 BOOK BOOK
    Pharmacy Superior Information Resource Center (SIRC) Superior University- Central Library Superior Information Resource Center (SIRC) Superior University- Central Library Tutorial Pharmacy 08/09/2024 612 COO-T 2004 3646 08/09/2024 6 BOOK BOOK
    Pharmacy Superior Information Resource Center (SIRC) Superior University- Central Library Superior Information Resource Center (SIRC) Superior University- Central Library Tutorial Pharmacy 08/09/2024 612 COO-T 2004 3647 08/09/2024 7 BOOK BOOK
    Pharmacy Superior Information Resource Center (SIRC) Superior University- Central Library Superior Information Resource Center (SIRC) Superior University- Central Library Tutorial Pharmacy 08/09/2024 612 COO-T 2004 3649 08/09/2024 8 BOOK BOOK
    Pharmacy Superior Information Resource Center (SIRC) Superior University- Central Library Superior Information Resource Center (SIRC) Superior University- Central Library Tutorial Pharmacy 08/09/2024 612 COO-T 2004 3650 08/09/2024 9 BOOK BOOK
    Pharmacy Superior Information Resource Center (SIRC) Superior University- Central Library Superior Information Resource Center (SIRC) Superior University- Central Library Tutorial Pharmacy 08/09/2024 612 COO-T 2004 3653 08/09/2024 10 BOOK BOOK
    Pharmacy Superior Information Resource Center (SIRC) Superior University- Central Library Superior Information Resource Center (SIRC) Superior University- Central Library Tutorial Pharmacy 08/09/2024 612 COO-T 2004 3656 08/09/2024 11 BOOK BOOK
    Pharmacy Superior Information Resource Center (SIRC) Superior University- Central Library Superior Information Resource Center (SIRC) Superior University- Central Library Tutorial Pharmacy 08/09/2024 612 COO-T 2004 3657 08/09/2024 12 BOOK BOOK
    Pharmacy Superior Information Resource Center (SIRC) Superior University- Central Library Superior Information Resource Center (SIRC) Superior University- Central Library Tutorial Pharmacy 08/09/2024 612 COO-T 2004 3660 08/09/2024 13 BOOK BOOK
    Pharmacy Superior Information Resource Center (SIRC) Superior University- Central Library Superior Information Resource Center (SIRC) Superior University- Central Library Tutorial Pharmacy 08/09/2024 612 COO-T 2004 3663 08/09/2024 14 BOOK BOOK
    Pharmacy Superior Information Resource Center (SIRC) Superior University- Central Library Superior Information Resource Center (SIRC) Superior University- Central Library Tutorial Pharmacy 08/09/2024 612 COO-T 2004 3664 08/09/2024 15 BOOK BOOK
    Pharmacy Superior Information Resource Center (SIRC) Superior University- Central Library Superior Information Resource Center (SIRC) Superior University- Central Library Tutorial Pharmacy 08/09/2024 612 COO-T 2004 3665 08/09/2024 16 BOOK BOOK
    Pharmacy Superior Information Resource Center (SIRC) Superior University- Central Library Superior Information Resource Center (SIRC) Superior University- Central Library Tutorial Pharmacy 08/09/2024 612 COO-T 2004 3668 08/09/2024 17 BOOK BOOK
    Pharmacy Superior Information Resource Center (SIRC) Superior University- Central Library Superior Information Resource Center (SIRC) Superior University- Central Library Tutorial Pharmacy 08/09/2024 612 COO-T 2004 3669 08/09/2024 18 BOOK BOOK
    Pharmacy Superior Information Resource Center (SIRC) Superior University- Central Library Superior Information Resource Center (SIRC) Superior University- Central Library Tutorial Pharmacy 08/09/2024 612 COO-T 2004 3670 08/09/2024 19 BOOK BOOK
    Pharmacy Superior Information Resource Center (SIRC) Superior University- Central Library Superior Information Resource Center (SIRC) Superior University- Central Library Tutorial Pharmacy 08/09/2024 612 COO-T 2004 3673 12/13/2024 20 BOOK BOOK
    Pharmacy Superior Information Resource Center (SIRC) Superior University- Central Library Superior Information Resource Center (SIRC) Superior University- Central Library Tutorial Pharmacy 08/09/2024 612 COO-T 2004 3675 08/09/2024 21 BOOK BOOK
    Pharmacy Superior Information Resource Center (SIRC) Superior University- Central Library Superior Information Resource Center (SIRC) Superior University- Central Library Tutorial Pharmacy 08/09/2024 612 COO-T 2004 20570 08/09/2024 22 BOOK BOOK
    Pharmacy Superior Information Resource Center (SIRC) Superior University- Central Library Superior Information Resource Center (SIRC) Superior University- Central Library Tutorial Pharmacy 08/09/2024 612 COO-T 2004 3658 08/09/2024 23 BOOK BOOK

Powered by Koha